Twentieth century socialism: economy of to-morrow. (Record no. 80095)

MARC details
000 -LEADER
fixed length control field 00362nam a2200133Ia 4500
008 - FIXED-LENGTH DATA ELEMENTS--GENERAL INFORMATION
fixed length control field 210210b1970 xxu||||| |||| 00| 0 eng d
082 ## - DEWEY DECIMAL CLASSIFICATION NUMBER
Classification number 335 SOCT
100 ## - MAIN ENTRY--PERSONAL NAME
Personal name SOCIALIST UNION.
245 ## - TITLE STATEMENT
Title Twentieth century socialism: economy of to-morrow.
260 ## - PUBLICATION, DISTRIBUTION, ETC.
Place of publication, distribution, etc. Bombay
Name of publisher, distributor, etc. Nachiketa Publications Limited
Date of publication, distribution, etc. 1970
300 ## - PHYSICAL DESCRIPTION
Extent 155
690 ## - LOCAL SUBJECT ADDED ENTRY--TOPICAL TERM (OCLC, RLIN)
Topical term or geographic name as entry element Socialism
906 ## - LOCAL DATA ELEMENT F, LDF (RLIN)
a 028863
Holdings
Withdrawn status Lost status Damaged status Not for loan Collection code Home library Current library Shelving location Date acquired Cost, normal purchase price Total Checkouts Full call number Barcode Date last seen Price effective from Koha item type
          St Aloysius Library St Aloysius Library   02/17/2021 4.00   335 SOCT 028863 02/17/2021 02/17/2021 Book